Велинград (Запис номер 189708)
[ съкратено ]
| 000 -Лидер | |
|---|---|
| Контролно поле с фиксирана дължина | 01189nam a2200349 c 4500 |
| 003 - Код на организацията, давaща контролен номер | |
| Контролно поле | BLK |
| 005 - Дата и час на последна редакция | |
| Контролно поле | 20200818145335.0 |
| 008 - Елементи от данни с фиксирана дължина | |
| fixed length control field | 180411b bul|||||r ||||||| ||bul|| |
| 010 ## - Наследен системен номер | |
| LC control number | KNG00198754000 |
| 040 ## - Източник на каталожния запис | |
| Идентификатор на билиотеката - собственик на записа | BLK |
| 041 ## - Код за език | |
| Код за езика на текст/звукозапис или на отделно заглавие | Български |
| Код за езика КДБФ | Български |
| 080 ## - УДК | |
| Текстов определител УДК | Физикални средства. Лечение с природни средства |
| УДК код - определител по УДК | 615.83 |
| УДК определител | (497.2-21) |
| УДК - код + определител | 615.83(497.2-21) |
| 100 1# - Редна дума - Автор | |
| Автор | Станчев, Коста |
| Авторска отговорност | първи автор |
| R(LIN) | 344934 |
| 139 ## - Редно поле | |
| Редна дума | Станчев, Коста |
| Авторски знак | Станч - С 70 |
| 245 10 - Сведения за заглавието | |
| Заглавие | Велинград |
| Редно поле (дума) | Коста Станчев. |
| 257 ## - Страна на издаване | |
| Страна на създаване/издаване | България |
| 260 ## - Област на издателските данни | |
| Място на издаване, разпространение и проч. | София |
| Име на издателя, разпространителя и проч. | Медицина и физкултура |
| Година на издаване | 1975 |
| Печатница | Пловдив : Д. Благоев |
| 300 ## - Физическа характеристика | |
| Страници | 56 с. |
| Размери/Мащаб | 17 см |
| 380 ## - Жанр | |
| Жанр | География |
| 490 1# - СЕРИИ (Колекции) | |
| Име на серия | Наши курорти |
| 500 ## - Общи забележки | |
| Забележка | 25 095 тир. |
| 650 #4 - Допълнително описание по предмет – тема | |
| Основно описание – тема или топоним | Курортно лечение - терапия |
| 9 (RLIN) | 160014 |
| 651 #4 - Допълнително описание по предмет - топоним | |
| Географско понятие | България |
| 9 (RLIN) | 241624 |
| 653 ## - Ключова дума – ненормативна | |
| Ключова дума | туризъм |
| 653 ## - Ключова дума – ненормативна | |
| Ключова дума | курорти |
| 653 ## - Ключова дума – ненормативна | |
| Ключова дума | Велинград |
| 852 ## - Местоположение | |
| Форматна сигнатура | Цб І14247 |
| 856 4# - Електронен адрес и достъп | |
| Електронен формат | pdf - файл |
| 856 4# - Електронен адрес и достъп | |
| Електронен формат | pdf - файл |
| 999 ## - СИСТЕМНИ КОНТРОЛНИ НОМЕРА | |
| Koha biblionumber | 189708 |
| Koha biblioitemnumber | 189708 |
| 942 ## - АРТИКУЛИ | |
| Вид на библиотечния материал | Книги |
| Скрит в OPAC | Не |
| Периодичен библиозапис | Да |
| 944 ## - СЪЗДАВАНЕ И РЕДАКЦИЯ на ЗАПИСА | |
| Създаване/Редакция | Създаване |
| Дата на регистрацията/редакция | 23.12.2016 |
| Служител, извършил регистрацията/редакцията | Елиз_Шакирова |
| 944 ## - СЪЗДАВАНЕ И РЕДАКЦИЯ на ЗАПИСА | |
| Създаване/Редакция | Редакция |
| Дата на регистрацията/редакция | 23.12.2016 |
| Служител, извършил регистрацията/редакцията | Елиз_Шакирова |
| 999 ## - СИСТЕМНИ КОНТРОЛНИ НОМЕРА | |
| Koha biblioitemnumber | 189708 |
| Код за отписване | Код за изгубен артикул | Източник на класификационната схема | Код за повреда | Коз за рестрикции | Код за отдаване | Артикулен № | Име на библиотеката - собственик | Име на библиотеката, в която се намира в момента | Статус (Текущо местоположение) | Дата на вписване в системата | Местоположение - отдел | Цена в лева | Инвентарен номер | Систематично азбучна сигнатура | Баркод | Номер на екземпляра | Цена в евро | Служебна бележка | Служебен тип на артикула |
|---|---|---|---|---|---|---|---|---|---|---|---|---|---|---|---|---|---|---|---|
| Не е изгубен | Universal Decimal Classification | Не е повреден | без рестрикции | ползва се в читалня | 333880 | Регионална библиотека "Любен Каравелов" Русе | Регионална библиотека "Любен Каравелов" Русе | Хранилище | 1975-01-01 | Хранилище | 0.12 | 183383 | Цб І 14247 | 120000183383 | 1 | 0.06 | Дост: Dp Вид: Д N: стар фонд Дата: 01.01.1975 | Книги | |
| Изтеглен | Не е изгубен | Universal Decimal Classification | Не е повреден | без рестрикции | заемане за дома | 333881 | Регионална библиотека "Любен Каравелов" Русе | Регионална библиотека "Любен Каравелов" Русе | Заемна - подръчен фонд | 1975-01-01 | Заемна - подръчен фонд | 0.12 | 185142 | П 615.83/С 70 | 185142 | 2 | 0.06 | Дост: Pk Вид: Ф N: стар фонд Дата: 01.01.1975 | Книги |
| Изтеглен | Не е изгубен | Universal Decimal Classification | Не е повреден | без рестрикции | заемане за дома | 333882 | Регионална библиотека "Любен Каравелов" Русе | Регионална библиотека "Любен Каравелов" Русе | Заемна - подръчен фонд | 1975-01-01 | Заемна - подръчен фонд | 0.12 | 185143 | П 615.83/С 70 | 185143 | 3 | 0.06 | Дост: Pk Вид: Ф N: стар фонд Дата: 01.01.1975 | Книги |